MARC

LEADER 00000nam0a2200000 4500
001 375879
005 20231102012755.0
035 |a (RuTPU)RU\TPU\retro\33318 
035 |a RU\TPU\book\251423 
090 |a 375879 
100 |a 20221221d1932 k y0rusy50 ca 
101 0 |a rus 
102 |a RU 
105 |a a z 001zy 
200 1 |a Породообразующие минералы  |f Н. Д. Соболев 
210 |a Москва  |c Гос. научно-техн. горное изд-во  |d 1932 
215 |a 96 с.  |c ил. 
317 |5 63413507: КР-343  |a Поступила в НТБ в 2004 г. в составе книжного собрания профессора ТПИ К. В. Радугина. 
317 |5 63413507: 263//532  |a Поступил в НТБ в 1945 г. в составе книжного собрания профессора ТПИ А. В. Лаврского 
320 |a Предм. указ.: с. 99-100. 
606 1 |a Минералы породообразующие  |x (петрография)  |2 stltpush  |3 (RuTPU)RU\TPU\subj\44008  |9 63401 
610 1 |a минералы 
610 1 |a свойства 
610 1 |a шлифы 
610 1 |a оптические свойства 
610 1 |a пироксены 
610 1 |a шпаты 
610 1 |a микроскопы 
610 1 |a Библиотека К. В. Радугина 
610 1 |a Коллекция А. В. Лаврского 
675 |a 552.18  |v 3 
700 1 |a Соболев  |b Н. Д. 
801 1 |a RU  |b 63413507  |c 20130123 
801 2 |a RU  |b 63413507  |c 20221221  |g RCR 
942 |c BK